A tableside view (Record no. 70444)
[ view plain ]
| 000 -LEADER | |
|---|---|
| fixed length control field | 01217cam a2200217 4500 |
| 001 - CONTROL NUMBER | |
| control field | ABS65556 |
| 008 - FIXED-LENGTH DATA ELEMENTS--GENERAL INFORMATION | |
| fixed length control field | 020610n2002 000 0 eng u |
| 035 ## - SYSTEM CONTROL NUMBER | |
| System control number | (Sirsi) u118348 |
| 100 ## - MAIN ENTRY--PERSONAL NAME | |
| Personal name | Wheatley, C |
| 245 #2 - TITLE STATEMENT | |
| Title | A tableside view |
| 260 ## - PUBLICATION, DISTRIBUTION, ETC. | |
| Date of publication, distribution, etc. | 2002 |
| 490 ## - SERIES STATEMENT | |
| Series statement | Estates Gazette |
| Volume/sequential designation | (0218) 4 May 2002, 136-137(2) |
| 520 ## - SUMMARY, ETC. | |
| Summary, etc. | Examines the dilemma that faces property agents as they find themselves faced with acting for venues such as table-dancing bars, cannabis cafes and other venues that challenge society's morals. Spearmint Rhino wants to open up to 100 units in the UK over the next five years but has faced difficulty in engaging agents, despite offering fees to cover potential hitches with licensing and local opposition. Instead they are using an inhouse team. This is not the only moral or ethical dilemma to face agents as one recent transaction may now involve a conversion into an asylum detention centre. Attitudes vary from company showing how moral objections affect business. |
| 590 ## - LOCAL NOTE (RLIN) | |
| Local note | ABS |
| 650 ## - SUBJECT ADDED ENTRY--TOPICAL TERM | |
| Topical term or geographic name entry element | LICENSED PREMISES |
| 650 ## - SUBJECT ADDED ENTRY--TOPICAL TERM | |
| Topical term or geographic name entry element | TABLE DANCING |
| 650 ## - SUBJECT ADDED ENTRY--TOPICAL TERM | |
| Topical term or geographic name entry element | ETHICS |
| 650 ## - SUBJECT ADDED ENTRY--TOPICAL TERM | |
| Topical term or geographic name entry element | PROPERTY AGENTS |
| 690 ## - LOCAL SUBJECT ADDED ENTRY--TOPICAL TERM (OCLC, RLIN) | |
| Topical term or geographic name as entry element | MANAGEMENT-BUSINESS MANAGEMENT-PROFESSIONAL PRACTICE |
| 942 ## - ADDED ENTRY ELEMENTS (KOHA) | |
| Suppress in OPAC | 0 |
| Withdrawn status | Lost status | Source of classification or shelving scheme | Damaged status | Not for loan | Home library | Current library | Shelving location | Date acquired | Total Checkouts | Full call number | Barcode | Date last seen | Copy number | Price effective from | Koha item type |
|---|---|---|---|---|---|---|---|---|---|---|---|---|---|---|---|
| Dewey Decimal Classification | London | London | Journal article | 10/06/2002 | ABS65556 | 118348-1001 | 06/08/2019 | 1 | 06/08/2019 | Journal article |